Estudio económico de América latina y el Caribe: desafíos para impulsar el ciclo de inversión con miras a reactivar el crecimiento

Salvato in:
Dettagli Bibliografici
Ente Autore: CEPAL (Autore)
Natura: Libro
Lingua:spagnolo
Pubblicazione: Santiago Naciones Unidas 2015
Edizione:1a. ed
Soggetti:
Tags: Aggiungi Tag
Nessun Tag, puoi essere il primo ad aggiungerne!!

MARC

LEADER 00000cam a2200000 a 4500
001 UCD1067
003 CL-VaPUC
008 160107e20150000cl |||||||||||||||||spa|d
020 |a 9789211218947 
082 0 4 |a 330.98  |b CEP  |2 21 
110 2 |a CEPAL  |e author  |9 584153 
245 1 0 |a Estudio económico de América latina y el Caribe: desafíos para impulsar el ciclo de inversión con miras a reactivar el crecimiento 
250 |a 1a. ed 
300 |a 199 p 
942 |c BK 
945 |d 20160107 17:52:00  |a dcastane 
260 |a Santiago  |b Naciones Unidas  |c 2015 
650 0 |a Desarrollo económico y social   |9 256320 
650 7 |a ECONOMIA MUNDIAL  |2 CL-VaPUC  |9 584154 
650 0 |a Política económica   |9 255029 
583 |a last modification  |c 20160107 17:52:00  |k Rodrigo Vera 
999 |c 362492  |d 362490 
952 |0 0  |1 0  |3 erb  |4 0  |6 330_980000000000000_CEP_2015  |7 0  |8 A  |9 473778  |a BIBGIM  |b BIBGIM  |i 5259916  |o 330.98 CEP 2015  |p 5259916  |r 2025-01-15  |w 2019-11-24  |y BK  |z Catalogado en:20160107  |k GIM 
952 |0 0  |1 0  |3 erb  |4 0  |6 330_980000000000000_CEP_2015  |7 0  |8 A  |9 473779  |a BIBGIM  |b BIBGIM  |i 5259908  |o 330.98 CEP 2015  |p 5259908  |r 2025-01-15  |w 2019-11-24  |y BK  |z Catalogado en:20160107  |k GIM